000
00321nam a22001457a 4500
008
240318b ||||| |||| 00| 0 eng d
020
_a
6811203
041
_a
eng
080
_2
1967
_a
94
082
_a
94MCM
100
_a
28
101
_a
HISTORI
245
_a
GALILEO MAN OF SCIENCE
_c
ERNAN McMULLIN
942
_2
udc
_c
BK
999
_c
60600
_d
60600